| 000 | 00385nam a2200157Ia 4500 | ||
|---|---|---|---|
| 008 | 221030s9999 xx 000 0 und d | ||
| 020 | _a8185674698 | ||
| 041 | _aEnglish | ||
| 082 |
_a105.23 _bDil |
||
| 100 | _aR. L. Dilenschneider | ||
| 245 | 4 | _aThe Dartnell Public Relations Hand Book | |
| 260 |
_bUBS Pub _aNew Delhi _c1990 |
||
| 300 | _a875 | ||
| 650 | _aManagement | ||
| 942 | _cBK | ||
| 999 |
_c2417 _d2417 |
||